| 000 | 00594nam a22001817a 4500 | ||
|---|---|---|---|
| 999 |
_c57400 _d57400 |
||
| 005 | 20220926105109.0 | ||
| 008 | 200617s2010 eng||||| |||| 00| 0 enk d | ||
| 020 | _a9781416042174 | ||
| 041 | _aenk | ||
| 080 | _a612 C-21 | ||
| 100 |
_aCarroll, Robert G. _98441 |
||
| 245 |
_aProblem-Based Physiology / _cRobert G. Carroll PhD. |
||
| 264 |
_aPhiladelphia : _bElsevier, _c2010. |
||
| 300 |
_a279 p. _b30 cm. |
||
| 653 | _aპრობლემაზე დაფუძნებული ფიზიოლოგია | ||
| 653 | _aПроблемная физиология | ||
| 942 |
_2udc _cBK |
||